Métodos estadísticos: aplicados a la investigación agrícola y biológica
Saved in:
| Main Authors: | , |
|---|---|
| Format: | Bog |
| Sprog: | spansk |
| Udgivet: |
Ciudad de México
Continental
1971
|
| Fag: | |
| Tags: |
Tilføj Tag
Ingen Tags, Vær først til at tagge denne postø!
|
MARC
| LEADER | 00000nam a2200000 a 4500 | ||
|---|---|---|---|
| 001 | UCR6728 | ||
| 003 | CL-VaPUC | ||
| 008 | 980423e19710000MX |||||||||||||||||spa|d | ||
| 082 | 0 | 4 | |a 519.5 |b SNE |2 21 |
| 100 | 0 | |a Snedecor, George Waddel |e author |9 407749 | |
| 700 | 0 | |a Cochran, William Gemmell |e author |9 407750 | |
| 245 | 1 | 0 | |a Métodos estadísticos: aplicados a la investigación agrícola y biológica |
| 300 | |a 702 p | ||
| 942 | |c BK | ||
| 945 | |d 19980423 00:00:00 |a crobeson | ||
| 260 | |a Ciudad de México |b Continental |c 1971 | ||
| 650 | 0 | |a Diseño de experimentos |9 260691 | |
| 650 | 0 | |a Estadística matemática |9 260028 | |
| 650 | 0 | |a Agricultura |9 255598 | |
| 650 | 0 | |a Métodos estadísticos |9 259407 | |
| 650 | 0 | |a Biometría |9 262306 | |
| 583 | |a last modification |c 20180514 10:38:43 |k Rodrigo Vera | ||
| 999 | |c 268647 |d 268645 | ||
| 952 | |0 0 |1 0 |4 0 |6 519_500000000000000_SNE_1971 |7 0 |8 A |9 301866 |a BIBALI |b BIBALI |c RES |d 2019-11-20 |i 1981919 |o 519.5 SNE 1971 |p 1981919 |r 2025-01-20 |w 2019-11-20 |y BK_R |k ALI | ||